[Event "World Rapid 2015"]
[Site "Berlin GER"]
[Date "2015.10.11"]
[Round "8.35"]
[White "Ragger, Markus"]
[Black "Guliyev, Namig"]
[Result "1-0"]
[WhiteElo "2698"]
[BlackElo "2579"]
[PlyCount "55"]
[EventDate "2015.10.10"]
[EventType "rapid"]

1. d4 d5 2. Nf3 Nf6 3. c4 dxc4 4. e3 e6 5. Bxc4 a6 6. O-O b5 7. Bd3 Bb7 8. a4
b4 9. Nbd2 c5 10. Qe2 Nc6 11. dxc5 Bxc5 12. Rd1 O-O 13. Nb3 Bd6 14. e4 Qc7 15.
Bg5 Ng4 16. h3 Nge5 17. Rac1 h6 18. Nxe5 Bxe5 19. Be3 Rfd8 20. Nc5 Bd4 21. e5
Bxe5 22. Nxb7 Rxd3 23. Qxd3 Bxb2 24. Rb1 Bc3 25. Qd7 Qxd7 26. Rxd7 Ne5 27. Rc7
g5 28. a5 1-0

[Event "World Rapid 2015"]
[Site "Berlin GER"]
[Date "2015.10.11"]
[Round "8.37"]
[White "Huzman, Alexander"]
[Black "Moiseenko, Alexander"]
[Result "1/2-1/2"]
[WhiteElo "2580"]
[BlackElo "2692"]
[PlyCount "105"]
[EventDate "2015.10.10"]
[EventType "rapid"]

1. Nf3 c5 2. c4 Nc6 3. d4 cxd4 4. Nxd4 Nf6 5. Nc3 e6 6. Bf4 d5 7. e3 Bb4 8. Be2
O-O 9. O-O dxc4 10. Nxc6 bxc6 11. Qa4 Qb6 12. Bxc4 Nd5 13. Rac1 Nxf4 14. exf4
Bb7 15. Ne4 c5 16. Qc2 Rad8 17. a3 Bxe4 18. Qxe4 Rd4 19. Qc2 Bd2 20. Rcd1 Bxf4
21. Rxd4 cxd4 22. Bd3 g6 23. g3 Bh6 24. b4 Qb8 25. Qc4 e5 26. Re1 Kh8 27. Qd5
Bg7 28. Rc1 f5 29. f3 Rc8 30. Rc4 Rxc4 31. Bxc4 h5 32. Qc6 Qb6 33. Qxb6 axb6
34. a4 Bf8 35. a5 bxa5 36. bxa5 Bc5 37. Kf1 Kg7 38. h4 Kf6 39. Bd3 Ke6 40. Bc4+
Kf6 41. Bd3 g5 42. hxg5+ Kxg5 43. Kg2 f4 44. a6 fxg3 45. Kxg3 h4+ 46. Kh3 Kf4
47. Be4 Ke3 48. Kxh4 d3 49. Kg4 Bd4 50. Kf5 d2 51. Bc2 Kxf3 52. a7 Bxa7 53.
Kxe5 1/2-1/2

[Event "World Rapid 2015"]
[Site "Berlin GER"]
[Date "2015.10.11"]
[Round "8.38"]
[White "Volokitin, Andrei"]
[Black "Shchekachev, Andrei"]
[Result "1/2-1/2"]
[WhiteElo "2639"]
[BlackElo "2531"]
[PlyCount "69"]
[EventDate "2015.10.10"]
[EventType "rapid"]

1. e4 c5 2. Nf3 e6 3. d4 cxd4 4. Nxd4 a6 5. Bd3 Bc5 6. Nb3 Be7 7. Qg4 g6 8. Qe2
d6 9. O-O Nd7 10. a4 Ne5 11. a5 Nf6 12. Nc3 Bd7 13. Bh6 Nfg4 14. Bg7 Rg8 15.
Bxe5 Nxe5 16. f4 Nxd3 17. Qxd3 Rc8 18. f5 gxf5 19. exf5 Bc6 20. Rf2 Bh4 21. g3
Bxg3 22. hxg3 Qh4 23. Rg2 Qh3 24. Ne4 Bxe4 25. Qxe4 Rxg3 26. c3 Rc4 27. Nd4 e5
28. Re1 Kf8 29. Ree2 Rxg2+ 30. Rxg2 exd4 31. Qxb7 Qe3+ 32. Kh1 Qe1+ 33. Kh2
Qh4+ 34. Kg1 Qe1+ 35. Kh2 1/2-1/2

[Event "World Rapid 2015"]
[Site "Berlin GER"]
[Date "2015.10.11"]
[Round "8.39"]
[White "Khairullin, Ildar"]
[Black "Zhang, Zhong"]
[Result "1/2-1/2"]
[WhiteElo "2652"]
[BlackElo "2619"]
[PlyCount "57"]
[EventDate "2015.10.10"]
[EventType "rapid"]

1. d4 Nf6 2. c4 e6 3. Nf3 d5 4. g3 dxc4 5. Bg2 Bd7 6. Ne5 Bc6 7. Nxc6 Nxc6 8.
O-O Qd7 9. e3 h5 10. Nd2 h4 11. Nxc4 hxg3 12. hxg3 O-O-O 13. Qa4 Nd5 14. Bd2
Kb8 15. Rfc1 f5 16. b4 Bd6 17. Na5 Nxa5 18. Qxd7 Rxd7 19. bxa5 a6 20. Rab1 Kc8
21. Re1 c6 22. e4 fxe4 23. Rxe4 Nc7 24. Bf3 Rf7 25. Bg4 Rf6 26. Rbe1 Kd7 27.
Rb1 Kc8 28. Rbe1 Kd7 29. Rb1 1/2-1/2

[Event "World Rapid 2015"]
[Site "Berlin GER"]
[Date "2015.10.11"]
[Round "8.40"]
[White "Anton Guijarro, David"]
[Black "Ivanisevic, Ivan"]
[Result "0-1"]
[WhiteElo "2634"]
[BlackElo "2653"]
[PlyCount "64"]
[EventDate "2015.10.10"]
[EventType "rapid"]

1. e4 c5 2. Nf3 e6 3. d4 cxd4 4. Nxd4 Nc6 5. Nc3 Qc7 6. Be3 a6 7. Qf3 b5 8.
O-O-O Bb7 9. Qg3 Bd6 10. f4 Nxd4 11. Rxd4 Bf8 12. Rd2 Nf6 13. Bd3 Qa5 14. Kb1
b4 15. Ne2 Nxe4 16. Bxe4 Bxe4 17. Nd4 Qc7 18. Re1 Rc8 19. Qf2 Be7 20. Nb3 d5
21. Bb6 Qc6 22. Bd4 O-O 23. g4 f6 24. h4 a5 25. g5 fxg5 26. hxg5 a4 27. Na1
Bxg5 28. Rg1 Bf6 29. Bxf6 Rxf6 30. Qg3 Rg6 31. Qf2 Rxg1+ 32. Qxg1 b3 0-1

[Event "World Rapid 2015"]
[Site "Berlin GER"]
[Date "2015.10.11"]
[Round "8.41"]
[White "Romanov, Evgeny"]
[Black "Bachmann, Axel"]
[Result "0-1"]
[WhiteElo "2573"]
[BlackElo "2593"]
[PlyCount "138"]
[EventDate "2015.10.10"]
[EventType "rapid"]

1. d4 Nf6 2. Nc3 d5 3. Bf4 g6 4. Qd2 c6 5. Nf3 Nbd7 6. Bh6 Bxh6 7. Qxh6 Qa5 8.
a3 Nf8 9. Ne5 Be6 10. b4 Qc7 11. e3 N8d7 12. Nxd7 Bxd7 13. Bd3 O-O-O 14. Qf4
Qxf4 15. exf4 Bf5 16. Kd2 Bxd3 17. cxd3 a6 18. a4 Kc7 19. Rhc1 e6 20. b5 axb5
21. axb5 Ra8 22. Rab1 Ra5 23. Rb2 Rha8 24. Rcc2 Ng8 25. g4 Ne7 26. h3 h5 27.
Na2 Rh8 28. bxc6 Nxc6 29. Nb4 hxg4 30. Nxc6 bxc6 31. hxg4 Rh3 32. Ke2 Ra4 33.
Rc3 Rxd4 34. Rbc2 Rxf4 35. Rxc6+ Kd7 36. Rc7+ Kd6 37. d4 Rxd4 38. R2c6+ Ke5 39.
Rxf7 Rxg4 40. Re7 Re4+ 41. Kf1 Kf6 42. Re8 Rh7 43. Rd8 Re5 44. Ra6 Rf7 45. Re8
Kf5 46. Kg2 g5 47. Ra3 Re4 48. Rd8 Rg4+ 49. Kf1 Rf4 50. Kg2 Rf6 51. Rb3 Kg6 52.
Rb2 Rg4+ 53. Kf1 Re4 54. Kg2 d4 55. Rg8+ Kf5 56. Rb7 Rg4+ 57. Kf1 e5 58. Re8
Re4 59. Rd7 Kf4 60. Kg2 Re2 61. Rxd4+ exd4 62. Rxe2 d3 63. Rd2 Rd6 64. Kf1 Ke4
65. Ke1 Rc6 66. Rd1 Rc2 67. Kf1 Re2 68. Kg2 d2 69. Kf1 Kf3 0-1

[Event "World Rapid 2015"]
[Site "Berlin GER"]
[Date "2015.10.11"]
[Round "8.42"]
[White "Pavlovic, Milos"]
[Black "Salem, A.R. Saleh"]
[Result "1/2-1/2"]
[WhiteElo "2481"]
[BlackElo "2624"]
[PlyCount "76"]
[EventDate "2015.10.10"]
[EventType "rapid"]

1. c4 c5 2. Nf3 Nf6 3. g3 d5 4. Bg2 Nc6 5. O-O e5 6. d3 Be7 7. Bg5 d4 8. e3 O-O
9. exd4 exd4 10. Re1 h6 11. Bxf6 Bxf6 12. Nbd2 Bf5 13. Ne4 Be7 14. a3 a5 15.
Qb3 Qc7 16. Re2 a4 17. Qc2 Rfb8 18. Rae1 Ra7 19. Ned2 Bf6 20. Ne4 Be7 21. Ned2
Qd7 22. Ne5 Nxe5 23. Rxe5 Bd6 24. R5e2 Bf8 25. Nf3 Ra6 26. Ne5 Qc7 27. Bd5 Be6
28. Bg2 b5 29. h4 bxc4 30. Nxc4 Rb3 31. Rxe6 Rxe6 32. Rxe6 fxe6 33. Qe2 Qe7 34.
Bh3 Rb8 35. Bxe6+ Kh8 36. Qg4 Qf6 37. Bf5 Bd6 38. Be4 Rf8 1/2-1/2

[Event "World Rapid 2015"]
[Site "Berlin GER"]
[Date "2015.10.11"]
[Round "8.43"]
[White "Bologan, Viktor"]
[Black "Dlugy, Maxim"]
[Result "1-0"]
[WhiteElo "2607"]
[BlackElo "2518"]
[PlyCount "67"]
[EventDate "2015.10.10"]
[EventType "rapid"]

1. e4 d5 2. exd5 Qxd5 3. Nc3 Qd6 4. d4 c6 5. Ne4 Qe6 6. Qe2 Nf6 7. f3 Nbd7 8.
g3 Nxe4 9. fxe4 Qd6 10. Nf3 e5 11. c3 Be7 12. Bg2 Bf6 13. O-O O-O 14. Be3 Re8
15. Qc2 Qc7 16. Rad1 b6 17. Qb3 Ba6 18. Rf2 exd4 19. Bf4 Qb7 20. cxd4 Nf8 21.
Bg5 Qe7 22. e5 Bxg5 23. Nxg5 Qxg5 24. Qxf7+ Kh8 25. Bxc6 Qd8 26. Qxe8 Qxe8 27.
Bxe8 Rxe8 28. d5 Kg8 29. e6 Rc8 30. Rf7 Ng6 31. d6 Ne5 32. d7 Nxf7 33. dxc8=Q+
Bxc8 34. e7 1-0

[Event "World Rapid 2015"]
[Site "Berlin GER"]
[Date "2015.10.11"]
[Round "8.44"]
[White "Shabalov, Alexander"]
[Black "Belov, Vladimir"]
[Result "1/2-1/2"]
[WhiteElo "2522"]
[BlackElo "2614"]
[PlyCount "86"]
[EventDate "2015.10.10"]
[EventType "rapid"]

1. Nf3 d5 2. e3 Nf6 3. b3 g6 4. Bb2 Bg7 5. g3 O-O 6. Bg2 c5 7. O-O Nc6 8. Ne5
Bd7 9. Nxd7 Qxd7 10. c4 Rfd8 11. cxd5 Nxd5 12. Bxg7 Kxg7 13. Qc1 b6 14. Nc3 Nf6
15. Qb2 Rac8 16. Rfd1 Qf5 17. Qb1 Qe5 18. a3 h5 19. h3 Qe6 20. b4 Ne5 21. bxc5
bxc5 22. Ne2 Nd3 23. Nf4 Nxf4 24. gxf4 c4 25. Qc2 Rd3 26. Bf1 Rcd8 27. Rac1
Rxa3 28. Qxc4 Qxc4 29. Rxc4 Ra2 30. d3 Rb8 31. Bg2 Rbb2 32. Rf1 a5 33. Rc7 e6
34. Ra7 a4 35. Bc6 a3 36. e4 h4 37. Kg2 Rd2 38. Bb5 Kf8 39. Bc4 Rac2 40. Rxa3
Nxe4 41. dxe4 Rxc4 42. Re3 Rdd4 43. Rfe1 Rd2 1/2-1/2

[Event "World Rapid 2015"]
[Site "Berlin GER"]
[Date "2015.10.11"]
[Round "8.45"]
[White "Swiercz, Dariusz"]
[Black "Ehlvest, Jaan"]
[Result "1-0"]
[WhiteElo "2620"]
[BlackElo "2535"]
[PlyCount "49"]
[EventDate "2015.10.10"]
[EventType "rapid"]

1. d4 Nf6 2. c4 b6 3. Nc3 Bb7 4. d5 e6 5. a3 exd5 6. cxd5 g6 7. g3 Bg7 8. Bg2
O-O 9. Nh3 Na6 10. O-O Nc5 11. Rb1 Re8 12. b4 Nfe4 13. Na2 Na6 14. Bb2 Bxb2 15.
Rxb2 c6 16. Nf4 Nc7 17. dxc6 dxc6 18. Qc2 Qf6 19. Rb3 Nb5 20. e3 Nbd6 21. Nc3
c5 22. Nfd5 Qe5 23. Bxe4 Nxe4 24. Qxe4 Qxe4 25. Nxe4 1-0

[Event "World Rapid 2015"]
[Site "Berlin GER"]
[Date "2015.10.11"]
[Round "8.46"]
[White "Grigoriants, Sergey"]
[Black "Bezold, Michael"]
[Result "1/2-1/2"]
[WhiteElo "2603"]
[BlackElo "2509"]
[PlyCount "163"]
[EventDate "2015.10.10"]
[EventType "rapid"]

1. Nf3 c5 2. c4 Nf6 3. Nc3 e6 4. e3 g6 5. d4 Bg7 6. Be2 O-O 7. O-O b6 8. d5
exd5 9. cxd5 Re8 10. Nd2 d6 11. e4 Ba6 12. Re1 Bxe2 13. Rxe2 a6 14. a4 Nbd7 15.
h3 Nh5 16. Nc4 Ne5 17. Nxe5 Bxe5 18. g3 Qd7 19. Kg2 b5 20. axb5 axb5 21. Rxa8
Rxa8 22. f4 Bd4 23. Qd3 Ra1 24. Be3 Bxe3 25. Rxe3 b4 26. Nd1 Qa7 27. Re1 f6 28.
e5 fxe5 29. fxe5 dxe5 30. d6 Qb7+ 31. Kh2 Ra8 32. Rxe5 Rf8 33. Rxc5 Nf6 34.
Qc4+ Kh8 35. Qd4 Kg8 36. Rc2 Qd7 37. Qxb4 Qe6 38. Qc4 Kf7 39. Qc7+ Kg8 40. Nf2
Nd5 41. Qc4 Qxd6 42. Rd2 Qe6 43. Ng4 h5 44. Re2 Qd6 45. Ne3 Re8 46. Nxd5 Rxe2+
47. Qxe2 Qxd5 48. h4 Qb3 49. Kg2 Kh7 50. Qe7+ Kh6 51. Qg5+ Kh7 52. Qd2 Kg8 53.
Kf2 Kh7 54. Qc3 Qb6+ 55. Kf3 Qb7+ 56. Ke3 Qb6+ 57. Ke2 Qb5+ 58. Kd2 Qd5+ 59.
Ke3 Qe6+ 60. Kd4 Qd6+ 61. Kc4 Qc6+ 62. Kb4 Qb6+ 63. Ka3 Qa6+ 64. Kb3 Qb5+ 65.
Kc2 Qe2+ 66. Kc1 Qf1+ 67. Kc2 Qe2+ 68. Kb3 Qb5+ 69. Ka3 Qa6+ 70. Kb4 Qb6+ 71.
Kc4 Qc6+ 72. Kd3 Qd5+ 73. Ke3 Qe6+ 74. Kf2 Qb6+ 75. Kg2 Qb7+ 76. Kf2 Qb6+ 77.
Kf3 Qb7+ 78. Kf4 Qf7+ 79. Ke5 Qe7+ 80. Kd5 Qd7+ 81. Ke4 Qf5+ 82. Ke3 1/2-1/2

[Event "World Rapid 2015"]
[Site "Berlin GER"]
[Date "2015.10.11"]
[Round "8.47"]
[White "Hasangatin, Ramil"]
[Black "Bindrich, Falko"]
[Result "1/2-1/2"]
[WhiteElo "2509"]
[BlackElo "2594"]
[PlyCount "125"]
[EventDate "2015.10.10"]
[EventType "rapid"]

1. e4 e5 2. Nf3 Nc6 3. Bb5 Nf6 4. d3 Bc5 5. Bxc6 dxc6 6. Bg5 h6 7. Bh4 Bd6 8.
Nbd2 c5 9. Nc4 Qe7 10. Bg3 Bg4 11. Bxe5 O-O-O 12. Bxd6 cxd6 13. Ne3 d5 14. e5
d4 15. exf6 gxf6 16. Qe2 Rhe8 17. O-O dxe3 18. fxe3 Qxe3+ 19. Qxe3 Rxe3 20. Kf2
Re6 21. b3 Kc7 22. Ng1 b5 23. h3 Bh5 24. a4 c4 25. axb5 cxd3 26. cxd3 Rxd3 27.
Rxa7+ Kb6 28. Rfa1 Bg6 29. Nf3 Be4 30. Rxf7 Kxb5 31. Re1 f5 32. Rf8 Rb6 33. Re3
Rd1 34. Rc3 Kb4 35. Rfc8 Ka3 36. b4+ Kb2 37. Re3 Rxb4 38. Re2+ Ka3 39. Rh8 Rb6
40. Re8 Rd3 41. Re7 Ra6 42. Nd2 Bd5 43. R7e3 Rxe3 44. Rxe3+ Kb4 45. Re5 Ba8 46.
Nf3 Be4 47. Re8 Kc5 48. Rd8 Bd5 49. Nh4 Ra4 50. Nf3 f4 51. Rc8+ Kd6 52. Rc2 Ke6
53. Rb2 Ra6 54. Re2+ Kf6 55. Rd2 Ra5 56. Rb2 Kf5 57. Nd4+ Ke4 58. Nf3 Kf5 59.
Nd4+ Ke4 60. Ne2 Ke5 61. Rd2 Ra2 62. Rxa2 Bxa2 63. g3 1/2-1/2

[Event "World Rapid 2015"]
[Site "Berlin GER"]
[Date "2015.10.11"]
[Round "8.49"]
[White "Gajewski, Grzegorz"]
[Black "Bruedigam, Martin"]
[Result "1-0"]
[WhiteElo "2654"]
[BlackElo "2375"]
[PlyCount "56"]
[EventDate "2015.10.10"]
[EventType "rapid"]

1. c4 e5 2. Nc3 Bb4 3. Qc2 Nf6 4. Nf3 Bxc3 5. bxc3 d6 6. g3 O-O 7. Bg2 Nc6 8.
O-O Be6 9. d3 h6 10. Rb1 Rb8 11. e4 a6 12. a4 Qd7 13. Nh4 Qe7 14. Be3 Na5 15.
h3 Qd7 16. Kh2 b5 17. axb5 axb5 18. f4 bxc4 19. Rxb8 Rxb8 20. d4 exd4 21. cxd4
Qb5 22. d5 Bd7 23. Bd4 Nb3 24. Bxf6 gxf6 25. Qc3 Kg7 26. e5 Qb4 27. Qe3 Qd2 28.
Qa7 Qa5 1-0

[Event "World Rapid 2015"]
[Site "Berlin GER"]
[Date "2015.10.11"]
[Round "8.50"]
[White "Eljanov, Pavel"]
[Black "Piorun, Kacper"]
[Result "0-1"]
[WhiteElo "2717"]
[BlackElo "2609"]
[PlyCount "72"]
[EventDate "2015.10.10"]
[EventType "rapid"]

1. d4 f5 2. Nc3 d5 3. Bf4 a6 4. e3 Nf6 5. Nf3 e6 6. Bd3 c5 7. O-O Nc6 8. Ne5
Bd6 9. Nxc6 bxc6 10. Bxd6 Qxd6 11. Na4 Nd7 12. c4 O-O 13. Rc1 cxd4 14. exd4 e5
15. dxe5 Nxe5 16. f4 Nxd3 17. Qxd3 Qb4 18. b3 Be6 19. c5 d4 20. Rfe1 Rae8 21.
Re5 Bd5 22. Nb6 Rxe5 23. fxe5 Qa3 24. Qd2 Be6 25. Rc2 Rd8 26. h3 h6 27. Kh2 d3
28. Rc1 a5 29. Kg3 Rd4 30. Kf2 Re4 31. Kf1 Re2 32. Qxd3 Rxa2 33. Qc3 Qxb3 34.
Qxb3 Bxb3 35. Nc8 Kf7 36. Rc3 Bd5 0-1

[Event "World Rapid 2015"]
[Site "Berlin GER"]
[Date "2015.10.11"]
[Round "8.51"]
[White "Stern, Rene"]
[Black "Van Wely, Loek"]
[Result "1-0"]
[WhiteElo "2538"]
[BlackElo "2632"]
[PlyCount "108"]
[EventDate "2015.10.10"]
[EventType "rapid"]

1. d4 Nf6 2. c4 c5 3. d5 b5 4. cxb5 a6 5. bxa6 g6 6. Nc3 Bg7 7. e4 O-O 8. Nf3
Qa5 9. Bd3 Nxd5 10. O-O Nxc3 11. bxc3 Qxc3 12. Rb1 Bxa6 13. Bxa6 Rxa6 14. Bb2
Qc4 15. Rc1 Qb4 16. Bxg7 Kxg7 17. Qd5 d6 18. e5 Nd7 19. Rb1 Qa4 20. Rb7 e6 21.
Qd3 Nxe5 22. Nxe5 dxe5 23. Qe2 e4 24. h4 Rd6 25. h5 Rd5 26. hxg6 hxg6 27. Re1
Rd4 28. Qb2 Ra8 29. Qb6 Qb4 30. Qxb4 cxb4 31. Re2 g5 32. Rb2 Ra4 33. g3 Kg6 34.
Kg2 f5 35. Rc2 Kf6 36. Rb6 Rd7 37. Rcc6 Re7 38. Rc2 Re8 39. Rd2 g4 40. Rc2 Ra3
41. Rxb4 Rea8 42. Rbb2 R8a6 43. Re2 Kg5 44. Rbc2 Rd3 45. Rb2 Rd1 46. Rec2 Ra1
47. Rd2 Kf6 48. Rdc2 Kg5 49. Rd2 Ra8 50. Rb6 Rh8 51. Rxe6 Rah1 52. f4+ gxf3+
53. Kf2 R8h2+ 54. Ke3 Re1+ 1-0

[Event "World Rapid 2015"]
[Site "Berlin GER"]
[Date "2015.10.11"]
[Round "8.54"]
[White "Papin, Vasily"]
[Black "Maze, Sebastien"]
[Result "0-1"]
[WhiteElo "2502"]
[BlackElo "2582"]
[PlyCount "94"]
[EventDate "2015.10.10"]
[EventType "rapid"]

1. c4 e5 2. e3 Nf6 3. Nc3 Bb4 4. Nge2 c6 5. d4 d6 6. Qc2 O-O 7. a3 Ba5 8. dxe5
dxe5 9. Ng3 Re8 10. Be2 Bc7 11. O-O Qe7 12. b3 g6 13. Bb2 h5 14. Nge4 Nxe4 15.
Nxe4 Bf5 16. Rad1 a5 17. Bd3 Na6 18. Qc3 Rad8 19. Bc2 Rxd1 20. Rxd1 Rd8 21.
Rxd8+ Qxd8 22. h3 Bxe4 23. Bxe4 Qd1+ 24. Kh2 Nc5 25. Bc2 Qf1 26. f3 Ne6 27. Be4
Nd4 28. Qc1 Qxc1 29. Bxc1 Nxb3 30. Bb2 Nd2 31. c5 Nxe4 32. fxe4 a4 33. Kg3 f6
34. Kf3 Kf7 35. Ke2 b5 36. Bc3 f5 37. exf5 gxf5 38. e4 Ke6 39. Kd3 Bd8 40. Bd2
Bh4 41. Bc3 Bf2 42. Bb4 Bd4 43. exf5+ Kxf5 44. g4+ hxg4 45. hxg4+ Kxg4 46. Ke4
Kg5 47. Bd2+ Kf6 0-1

[Event "World Rapid 2015"]
[Site "Berlin GER"]
[Date "2015.10.11"]
[Round "8.55"]
[White "Stefansson, Hannes"]
[Black "Jumabayev, Rinat"]
[Result "0-1"]
[WhiteElo "2602"]
[BlackElo "2606"]
[PlyCount "266"]
[EventDate "2015.10.10"]
[EventType "rapid"]

1. d4 Nf6 2. c4 e6 3. Nf3 b6 4. g3 Ba6 5. b3 Bb4+ 6. Bd2 Be7 7. Bg2 d5 8. cxd5
exd5 9. O-O O-O 10. Nc3 Bb7 11. Bf4 Re8 12. Ne5 Na6 13. Qc2 h6 14. Rfd1 Bf8 15.
a3 c6 16. b4 Nc7 17. Qb3 Bd6 18. e4 Bf8 19. Rac1 Rc8 20. Qa4 a6 21. Qb3 Ne6 22.
Be3 Ng5 23. Rc2 Rc7 24. exd5 cxd5 25. Rdc1 Rce7 26. Na4 Re6 27. h4 Nge4 28. Bh3
R6e7 29. b5 axb5 30. Qxb5 Qa8 31. Qb3 b5 32. Qxb5 Nd6 33. Qb3 Nc4 34. Nb6 Qa5
35. Nbxc4 dxc4 36. Qxc4 Qxa3 37. Bg2 Bxg2 38. Kxg2 Qa8+ 39. Qc6 Nd5 40. Qxa8
Rxa8 41. Rc8 Re8 42. Rxe8 Rxe8 43. Kf3 h5 44. Ra1 Bd6 45. Ra5 Nf6 46. Nc4 Bf8
47. Nb6 Bd6 48. Nd5 Ng4 49. Nc3 Bxg3 50. Rxh5 Nf6 51. Rc5 Bxh4 52. d5 Nd7 53.
Rc7 Ne5+ 54. Kg2 Rd8 55. Bc5 Nd3 56. Be3 Bf6 57. Kf3 Nb4 58. d6 Bxc3 59. Rxc3
Rxd6 60. Rc8+ Kh7 61. Rc7 Kg6 62. Rb7 Nd5 63. Bd4 f6 64. Ra7 Re6 65. Ra5 Ne7
66. Be3 Nc6 67. Ra3 Ne5+ 68. Ke2 Rc6 69. Ra4 Rc2+ 70. Kf1 Kf5 71. Ra7 g5 72.
Kg2 Nc4 73. Re7 Re2 74. Bc5 Rc2 75. Bd4 Rd2 76. Be3 Rc2 77. Bd4 Nd6 78. Ra7 Ne4
79. Ra5+ Kg4 80. Ra4 f5 81. Be3 Rb2 82. Bd4 Rd2 83. Be3 Rc2 84. Rb4 Ra2 85. Rc4
Kh5 86. Rb4 Nc3 87. Rc4 Nd5 88. Bc1 Nf6 89. Be3 Ng4 90. Bd4 f4 91. Rc5 Rd2 92.
Rc4 Rd3 93. Rb4 Kh4 94. Kf1 Nh2+ 95. Ke2 Ra3 96. Bb2 Ra2 97. Rb3 Kg4 98. Rb5
Nf3 99. Kd3 Ra6 100. Rd5 Re6 101. Bc3 Kh3 102. Bb4 Kg2 103. Bc5 Re1 104. Rf5
Kh3 105. Rf8 Re5 106. Ba7 Kg4 107. Rf6 Ng1 108. Bd4 Re1 109. Rf8 Nh3 110. Rh8
Re6 111. Bc5 Rc6 112. Bd4 Ra6 113. Ke2 Ng1+ 114. Kd3 Ra2 115. Rh7 Nh3 116. f3+
Kg3 117. Rh5 Ra3+ 118. Ke4 Ra4 119. Kd3 Kg2 120. Bc5 Ra5 121. Be7 Re5 122. Bf6
Re6 123. Bd4 Rc6 124. Ke4 Rc4 125. Kd5 Ra4 126. Bf6 Ra5+ 127. Ke4 Kg3 128. Bd8
Rb5 129. Bf6 Rc5 130. Be7 Rb5 131. Bd8 Rb3 132. Rxh3+ Kxh3 133. Bxg5 Rb4+ 0-1

[Event "World Rapid 2015"]
[Site "Berlin GER"]
[Date "2015.10.11"]
[Round "8.56"]
[White "Hausrath, Daniel"]
[Black "Vovk, Yuri"]
[Result "1-0"]
[WhiteElo "2503"]
[BlackElo "2617"]
[PlyCount "105"]
[EventDate "2015.10.10"]
[EventType "rapid"]

1. Nf3 Nf6 2. g3 g6 3. Bg2 Bg7 4. O-O O-O 5. d4 d6 6. Re1 Bf5 7. Nbd2 d5 8. c4
c6 9. b3 Nbd7 10. Bb2 Re8 11. Nh4 Be6 12. e4 Nxe4 13. Nxe4 dxe4 14. Bxe4 Nf6
15. Bg2 Qa5 16. Re5 Qc7 17. Qe1 Qd7 18. Nf3 Bf5 19. Rd1 h6 20. Re2 Bh3 21. Ne5
Qf5 22. Qb4 Bxg2 23. Kxg2 Rab8 24. d5 cxd5 25. cxd5 h5 26. h3 Qc8 27. Nf3 Qd7
28. Be5 Rbd8 29. Qd4 b6 30. Qb2 Qb7 31. Red2 h4 32. g4 Rxd5 33. Rxd5 Nxd5 34.
Rxd5 f6 35. Qd2 fxe5 36. Rd7 Qc6 37. Qd5+ Qxd5 38. Rxd5 Kf7 39. Rd7 Bf6 40.
Rxa7 Rd8 41. g5 Bg7 42. Nxh4 e4 43. Ra4 Bd4 44. Kf1 e5 45. Rc4 Rh8 46. Rc7+ Ke6
47. Nxg6 Rxh3 48. Nf8+ Kd6 49. Rd7+ Kc6 50. g6 Rh5 51. g7 Rg5 52. Ne6 Rg6 53.
Rd8 1-0

[Event "World Rapid 2015"]
[Site "Berlin GER"]
[Date "2015.10.11"]
[Round "8.57"]
[White "Krnan, Tomas"]
[Black "Agrest, Evgenij"]
[Result "1-0"]
[WhiteElo "2440"]
[BlackElo "2596"]
[PlyCount "94"]
[EventDate "2015.10.10"]
[EventType "rapid"]

1. e4 c6 2. d4 d5 3. Nc3 dxe4 4. Nxe4 Bf5 5. Ng3 Bg6 6. h4 h6 7. Nf3 Nd7 8. h5
Bh7 9. Bd3 Bxd3 10. Qxd3 e6 11. Bd2 Ngf6 12. O-O-O Be7 13. Kb1 Qb6 14. Ne4 c5
15. dxc5 Nxc5 16. Nxc5 Qxc5 17. Be3 Qa5 18. Nd4 O-O 19. Nb3 Qc7 20. Qe2 Rac8
21. g4 Nd5 22. Bd4 a5 23. Be5 Qb6 24. c4 Qa6 25. Nd2 Bg5 26. b3 a4 27. Ne4 axb3
28. axb3 Bf4 29. Bxf4 Nxf4 30. Qb2 Qa5 31. g5 Qf5 32. f3 hxg5 33. h6 e5 34. Qc2
g6 35. Rhg1 Ne6 36. Nxg5 Qxc2+ 37. Kxc2 Nd4+ 38. Kb2 b5 39. f4 bxc4 40. Ne4
cxb3 41. Nc3 Rxc3 42. Kxc3 Ne2+ 43. Kxb3 Nxg1 44. Rxg1 exf4 45. Kc4 Kh7 46. Rh1
Rd8 47. Rh4 g5 1-0

[Event "World Rapid 2015"]
[Site "Berlin GER"]
[Date "2015.10.11"]
[Round "8.58"]
[White "Milanovic, Danilo"]
[Black "Svane, Rasmus"]
[Result "0-1"]
[WhiteElo "2469"]
[BlackElo "2543"]
[PlyCount "74"]
[EventDate "2015.10.10"]
[EventType "rapid"]

1. d4 d5 2. c4 c6 3. Nc3 Nf6 4. e3 e6 5. Bd2 Nbd7 6. Rc1 Bd6 7. cxd5 exd5 8.
Bd3 O-O 9. Nge2 Re8 10. f3 b5 11. O-O a6 12. Kh1 Bb7 13. Qe1 c5 14. Qh4 c4 15.
Bb1 b4 16. Nd1 a5 17. g4 Nf8 18. g5 N6d7 19. Rg1 a4 20. Ng3 a3 21. bxa3 c3 22.
Be1 Rxa3 23. Nf5 Nb6 24. Nf2 Bc8 25. Ng4 Bxf5 26. Bxf5 Rxa2 27. Bg3 Nc4 28. e4
dxe4 29. fxe4 Ng6 30. Qh5 Bxg3 31. Rxg3 Nd6 32. Rh3 Nxf5 33. Qxh7+ Kf8 34. Rf1
Rxe4 35. Nh6 gxh6 36. gxh6 Qd5 37. Rhf3 Ree2 0-1

[Event "World Rapid 2015"]
[Site "Berlin GER"]
[Date "2015.10.11"]
[Round "8.59"]
[White "Ghaem Maghami, Ehsan"]
[Black "Kunin, Vitaly"]
[Result "0-1"]
[WhiteElo "2596"]
[BlackElo "2556"]
[PlyCount "111"]
[EventDate "2015.10.10"]
[EventType "rapid"]

1. e4 d6 2. d4 Nf6 3. Nc3 e5 4. Nf3 Nbd7 5. Bc4 Be7 6. O-O O-O 7. Re1 c6 8. a4
exd4 9. Qxd4 Ne5 10. Be2 Nxf3+ 11. Bxf3 Bg4 12. Qd3 Bxf3 13. Qxf3 Qa5 14. Bd2
Rfe8 15. Rad1 Qh5 16. Qxh5 Nxh5 17. f3 a6 18. a5 Rad8 19. Be3 Nf6 20. Bd4 Nd7
21. Na4 f6 22. c4 Kf7 23. Kf2 Nf8 24. Be3 Ne6 25. f4 g6 26. f5 Nf8 27. Bb6 Rc8
28. c5 dxc5 29. Bxc5 Rcd8 30. Bb6 Rd7 31. Kf3 Bb4 32. Rf1 gxf5 33. exf5 Re5 34.
g4 Bxa5 35. Bxa5 Rxa5 36. Nb6 Rxd1 37. Rxd1 Rb5 38. Nc4 Rb3+ 39. Ke4 Rb4 40.
Kd3 b5 41. Na5 c5 42. Nb7 Rd4+ 43. Ke2 Rxg4 44. Nxc5 Rg2+ 45. Kf3 Rxb2 46. Nxa6
Rxh2 47. Rb1 Rh3+ 48. Kg4 Ra3 49. Nc5 Ra5 50. Rb4 Ke7 51. Re4+ Kd6 52. Nb7+ Kd5
53. Re8 Ra7 54. Nd8 Nd7 55. Re1 Ne5+ 56. Kh5 0-1

[Event "World Rapid 2015"]
[Site "Berlin GER"]
[Date "2015.10.11"]
[Round "8.60"]
[White "Schneider, Ilja"]
[Black "Borisek, Jure"]
[Result "1/2-1/2"]
[WhiteElo "2481"]
[BlackElo "2565"]
[PlyCount "218"]
[EventDate "2015.10.10"]
[EventType "rapid"]

1. d4 Nf6 2. Bg5 d5 3. e3 g6 4. Bxf6 exf6 5. g3 f5 6. Bg2 c6 7. Ne2 Nd7 8. Nd2
Nf6 9. O-O h5 10. h4 Bd6 11. c4 dxc4 12. Nxc4 Bc7 13. Nc3 Be6 14. Qe2 O-O 15.
Rfd1 Qe7 16. d5 cxd5 17. Nxd5 Nxd5 18. Bxd5 Bxd5 19. Rxd5 f4 20. gxf4 Bxf4 21.
Qf3 Bc7 22. Qh3 Rad8 23. Rad1 b5 24. Rd7 Qc5 25. Rxd8 Bxd8 26. Nd6 Qc2 27. Rd5
Qxb2 28. Rxb5 Qxa2 29. Rb7 a5 30. Qg3 Qe6 31. Qf4 a4 32. Ra7 Be7 33. Nb5 Rc8
34. Nd4 Rc1+ 35. Kg2 Qd5+ 36. Qf3 Qxf3+ 37. Nxf3 a3 38. Nd4 Bb4 39. Nb5 Bc5 40.
Ra5 Ra1 41. Kf3 Kg7 42. Ra6 Bb4 43. Ra4 Bf8 44. Ra7 Bc5 45. Ra5 Be7 46. Ra7 a2
47. Nc3 Bf6 48. Nxa2 Bxh4 49. Kg2 Bf6 50. Ra4 g5 51. Ra6 Rb1 52. Ra4 Ra1 53.
Ra6 Rb1 54. Ra4 g4 55. Nb4 Rd1 56. Na6 Rc1 57. Nb8 Rc2 58. Nd7 Bh4 59. Rf4 Bg5
60. Re4 f5 61. Re5 h4 62. Rxf5 h3+ 63. Kg1 Kg6 64. e4 g3 65. Ne5+ Kh5 66. fxg3
Rg2+ 67. Kh1 Rxg3 68. Kh2 Re3 69. Nf7 Kg6 70. Nxg5 Rxe4 71. Ra5 Re3 72. Nxh3
Rb3 73. Kg2 Kf6 74. Nf4 Kg7 75. Kf2 Kf6 76. Ke2 Kf7 77. Nd3 Rb6 78. Ke3 Re6+
79. Ne5+ Kf6 80. Kf4 Rd6 81. Ng4+ Ke6 82. Ke4 Rb6 83. Re5+ Kd6 84. Nf6 Rb4+ 85.
Kf5 Kc6 86. Ke6 Rh4 87. Ng8 Rh1 88. Ne7+ Kb6 89. Rd5 Rh6+ 90. Kd7 Rh7 91. Rg5
Rf7 92. Rh5 Rg7 93. Kd6 Rf7 94. Re5 Rh7 95. Nd5+ Kb7 96. Kc5 Rh6 97. Re7+ Kc8
98. Rf7 Kd8 99. Nf6 Rh1 100. Kd6 Kc8 101. Rc7+ Kd8 102. Ra7 Kc8 103. Ne4 Rh6+
104. Kd5 Kd8 105. Nd6 Rh1 106. Nc4 Rd1+ 107. Ke6 Rh1 108. Ne5 Rh6+ 109. Kd5 Rh1
1/2-1/2

[Event "World Rapid 2015"]
[Site "Berlin GER"]
[Date "2015.10.11"]
[Round "8.61"]
[White "Bluebaum, Matthias"]
[Black "Wagner, Dennis"]
[Result "1/2-1/2"]
[WhiteElo "2588"]
[BlackElo "2575"]
[PlyCount "32"]
[EventDate "2015.10.10"]
[EventType "rapid"]

1. d4 Nf6 2. c4 g6 3. Nc3 d5 4. cxd5 Nxd5 5. e4 Nxc3 6. bxc3 Bg7 7. Qa4+ Qd7 8.
Bb5 c6 9. Be2 c5 10. Bb5 Nc6 11. Ne2 cxd4 12. cxd4 a6 13. Bxc6 Qxc6 14. Qxc6+
bxc6 15. Ba3 a5 16. O-O Ba6 1/2-1/2